Statistiken für Länder Mit 5 Buchstaben

Klicken Sie hier um das Quiz zu spielen!

Allgemein

  • Dieses Quiz wurde 552 mal gespielt
  • Das Durchschnittsergebnis liegt bei 14 aus 19

Antwortstatistiken

Antwort% Korrekt
Ghana
84%
China
83%
Chile
81%
Japan
80%
Malta
80%
Benin
78%
Jemen
78%
Polen
77%
Tonga
76%
Niger
75%
Palau
74%
Samoa
74%
Kenia
73%
Nepal
73%
Nauru
71%
Haiti
70%
Katar
70%
Gabun
69%
Sudan
67%

Verteilung der Resultate

Perzentil nach korrekt beantworteten Fragen

Anzahl Personen mit jedem Resultat

Ihre Resultats-Entwicklung

Sie haben dieses Quiz noch nicht gespielt